000
00368nam a22001337a 4500
003
SGT
020
_a
8171787223
082
_a
200
_b
H99J
100
_a
जोशी,रीता बहुगुणा
245
_a
हेमवती नंदन बहुगुणा
260
_b
राजकमल प्रकाशन
_c
1999
300
_a
276
942
_2
ddc
_c
BK
999
_c
31805
_d
31805